00346nam a2200157Ia 45000010006000000050017000060080041000230410008000640820024000721000032000962450028001282600009001563000007001656500008001726540008001801000220260306161759.0260306t2015||||xx |||||||||||||| ||spa|| aESP aPE 869.56bR52 T. 1 aRamón Ribeyro, JulioeAUT 0aLa palabra del mudo (I) c2015 ac aGEN aCHU